Kursus Bina Semangat 2002 di Kem Bina Semangat di Petang Island Tasik Kenyir Terengganu, 2006 [

Bibliographic Details
Corporate Author: Institut Penilaian Negara
Format: Book
Published: Bangi : INSPEN , 2006

MARC

LEADER 00000cam a2200000 7i4500
001 0000020086
005 20070906.0
040 |a INS 
090 0 0 |a VCD0936 
245 0 0 |a Kursus Bina Semangat 2002 di Kem Bina Semangat di Petang Island Tasik Kenyir Terengganu, 2006 [  |h cakera video] 
260 |a Bangi :   |b INSPEN ,   |c 2006 
300 |a 1 video disc ( 62min.) :   |b sd. col. ;   |c 4 3/4 in. 
710 1 |a Institut Penilaian Negara 
999 |a VCD0000936   |b VIDEO CD   |c Media Collection   |e Default branch